Memorias del primer año del cuatrenio 2012-2016 (Record no. 7965)

MARC details
000 -LEADER
campo de control de longitud fija 00438nam a2200145Ia 4500
001 - NÚMERO DE CONTROL
campo de control 3690
008 - DATOS DE LONGITUD FIJA--INFORMACIÓN GENERAL
campo de control de longitud fija 241024s9999 xx 000 0 und d
020 ## - NÚMERO INTERNACIONAL ESTÁNDAR DEL LIBRO
Número Internacional Estándar del Libro 978-9945-8539-9-5
082 ## - NÚMERO DE LA CLASIFICACIÓN DECIMAL DEWEY
Número de clasificación RD/725.97293/R426m/2012-2016
100 ## - ENTRADA PRINCIPAL--NOMBRE DE PERSONA
Nombre de persona República Dominicana.Ministerio de Obras Públicas
245 #0 - MENCIÓN DEL TÍTULO
Título Memorias del primer año del cuatrenio 2012-2016
260 ## - PUBLICACIÓN, DISTRIBUCIÓN, ETC.
Nombre del editor, distribuidor, etc. Editora Alfa & Omega
Fecha de publicación, distribución, etc. 2013
901 ## - ELEMENTOS DE DATOS A LOCAL LDA (RLIN)
a 23/1/2014 3:07:45 p.m.

No items available.

© 2024. Todos los Derechos Reservados. Desarrollado por IDEICE